00615nam a2200193Ia 4500020001800000082001700018100002000035245008500055260003500140300001200175504001900187650003800206650004100244650004600285650002700331650003000358650001500388700001800403 a1-85604-510-2 a025.04 MCM-D aMcMenemy, David 0aDelivering digital services: a handbook for public libraries and learning centre aLondonbFacet Publishingc2005 axv, 184 aincludes index aDigital librariesvAdministration aPublic librariesvReference services aInformation storage and retrieval systems aInformation technology aLearning resource centres aAutomation aPoulter, Alan